000 00363nam a22001577a 4500
003 macl
005 20181130153952.0
008 181118b xxu||||| |||| 00| 0 eng d
040 _cmacl
082 _a400
100 _aR Gopalan
_973241
245 _aGeneral English
260 _aChennai
_bMc graw Hill
_c2010
650 _aLanguage
_973242
942 _2ddc
_cBK
999 _c58595
_d58595